[Event "Olympiad Women 2024"]
[Site "Budapest HUN"]
[Date "2024.09.19"]
[Round "8.21"]
[Board "4"]
[White "Tec Rodas, Sofia Isavelina"]
[Black "Machlik, Monika"]
[Result "1/2-1/2"]
[WhiteElo "1800"]
[BlackElo "2109"]
[PlyCount "64"]
[EventDate "2024.09.11"]
[WhiteTeam "Mexico"]
[BlackTeam "Norway"]
[WhiteTeamCountry "MEX"]
[BlackTeamCountry "NOR"]

1. e4 c6 2. Nf3 d5 3. Nc3 dxe4 4. Nxe4 Nf6 5. Qe2 Nxe4 6. Qxe4 Nd7 7. d4 Nf6 8. Qf4 Nd5 9. Qd2 Bf5 10. Bd3 Bxd3 11. Qxd3 e6 12. O-O Be7 13. c4 Nf6 14. Bf4 O-O 15. Rad1 Qb6 16. Qe2 Rad8 17. a3 $146 ({RR} 17. Rfe1 Rfe8 18. Ne5 c5 19. dxc5 Bxc5 20. Bg5 Be7 21. b3 Qc7 22. h3 Rxd1 23. Rxd1 Rd8 24. Rxd8+ Qxd8 25. Ng4 Nxg4 26. Bxe7 Qxe7 27. Qxg4 g6 28. Qd4 b6 29. g3 Qa3 30. Qd8+ Kg7 {½-½ Gavrilescu,D (2525)-Moranda,W (2636) Olympiad-44 Chennai 2022 (4.4)}) ({RR} 17. Rd3 Qa6 18. b3 Qa5 19. h3 Qf5 20. Bc7 Rd7 21. g4 Qxd3 22. Qxd3 Rxc7 23. Qe3 Rd8 24. Rd1 h6 25. h4 Nh7 26. g5 hxg5 27. hxg5 g6 28. Kg2 Bf8 29. Qf4 Re7 30. Rh1 Bg7 31. Qh4 Nf8 {1-0 Gavrilescu,D (2535)-Stoleriu,G (2390) Grand Prix Bucharest 2023 (9.11)}) 17... a5 18. Rfe1 Rfe8 19. Rd3 Qa6 20. Ne5 Nd7 21. Nxf7 Kxf7 22. Qxe6+ Kf8 23. Bd6 Bxd6 24. Rf3+ Nf6 25. Rxf6+ gxf6 26. Qxf6+ Kg8 27. Qg5+ Kf7 28. Qf5+ Kg7 29. Qg5+ Kf7 30. Qf5+ Kg7 31. Qg5+ Kf7 32. Qf5+ Kg7 1/2-1/2

[Event "Olympiad Women 2024"]
[Site "Budapest HUN"]
[Date "2024.09.19"]
[Round "8.22"]
[Board "1"]
[White "Sanudula, K M Dahamdi"]
[Black "Bulmaga, Irina"]
[Result "0-1"]
[WhiteElo "2023"]
[BlackElo "2406"]
[PlyCount "56"]
[EventDate "2024.09.11"]
[WhiteTeam "Sri Lanka"]
[BlackTeam "Romania"]
[WhiteTeamCountry "SRI"]
[BlackTeamCountry "ROU"]

1. d4 Nf6 2. Bf4 g6 3. Nc3 d5 4. e3 Bg7 5. h4 c6 6. Be2 h5 7. Nf3 Nbd7 8. Ne5 Nxe5 9. Bxe5 b5 10. Bf3 O-O $146 ({RR} 10... a5 11. a3 Bf5 12. O-O O-O 13. Re1 Ng4 14. Bxg7 Kxg7 15. e4 dxe4 16. Nxe4 e5 17. dxe5 Nxe5 18. Qxd8 Nxf3+ 19. gxf3 Raxd8 20. Rad1 Rfe8 21. Rxd8 Rxd8 22. Re2 Be6 23. Rd2 Rxd2 24. Nxd2 Bd5 25. Kh2 {½-½ Bazzano,S (2288)-Dwilewicz,K (2129) Titled Tue 23rd Jan Late 2024 (3)}) 11. O-O Bh6 12. Ne2 Nd7 13. Bg3 Nf6 14. a4 b4 15. c4 bxc3 16. bxc3 Ba6 17. Qc2 Rc8 18. Rfe1 c5 19. Qb1 Qd7 20. Nf4 cxd4 21. cxd4 Rc3 22. Qb4 Rfc8 23. Qa5 Bxf4 24. Bxf4 Bd3 25. Be5 Ne4 26. Bxe4 Bxe4 27. Ra2 Qg4 28. Bg3 g5 0-1

[Event "Olympiad Women 2024"]
[Site "Budapest HUN"]
[Date "2024.09.19"]
[Round "8.22"]
[Board "2"]
[White "Sandu, Mihaela"]
[Black "Tharushi, T H D Niklesha"]
[Result "1-0"]
[WhiteElo "2248"]
[BlackElo "1852"]
[PlyCount "95"]
[EventDate "2024.09.11"]
[WhiteTeam "Romania"]
[BlackTeam "Sri Lanka"]
[WhiteTeamCountry "ROU"]
[BlackTeamCountry "SRI"]

1. e4 c5 2. Nf3 e6 3. d4 cxd4 4. Nxd4 Nf6 5. Nc3 Nc6 6. Ndb5 Bb4 7. a3 Bxc3+ 8. Nxc3 d5 9. Bd3 dxe4 10. Nxe4 Nxe4 11. Bxe4 Qxd1+ 12. Kxd1 e5 13. Re1 f6 ({RR} 13... Bg4+ 14. f3 O-O-O+ 15. Bd2 Bd7 16. Bxc6 Bxc6 17. Rxe5 f6 18. Re7 Rhe8 19. Rxe8 Rxe8 20. b3 g5 21. Bc3 g4 22. fxg4 Bxg2 23. Kd2 Bf3 24. Bxf6 Re2+ 25. Kd3 Rxh2 26. Rg1 Rg2 27. Rxg2 Bxg2 28. Ke3 {½-½ Steinberg,N (2554)-Shukhman,A (2163) Titled Tue 10th Sep Early 2024 (11)}) 14. Be3 Be6 15. Kc1 Kf7 16. f3 $146 ({RR} 16. b3 Rhd8 17. Bxc6 bxc6 18. Kb2 Rd7 19. Rad1 Rad8 20. Rxd7+ Rxd7 21. Kc3 g5 22. Kb4 g4 23. c4 Rb7+ 24. Kc3 Rd7 25. Kb4 Rb7+ 26. Ka4 Bf5 27. b4 Be6 28. Rc1 h5 29. Ka5 h4 30. a4 f5 {1-0 Hossain,E (2385)-Neyman,I (2165) Dresden ZMD op 2002 (5)}) ({RR} 16. b3 f5 17. Bf3 Rhd8 18. Kb2 f4 19. Bxc6 bxc6 20. Bc5 Rd5 21. Bb4 a5 22. Bc3 Re8 23. Rxe5 Rxe5 24. Bxe5 Bxb3 25. Bxf4 Bd5 26. g3 Re2 27. Be3 Be4 28. Rc1 a4 29. Kc3 Ke6 30. h3 h5 {½-½ Martinez,M (2427)-Chumachenko,A (2304) USA tt ICC INT 2014 (4)}) ({RR} 16. f4 exf4 17. Bxf4 Rhd8 18. b3 {½-½ Smirnov,P (2576)-Yudin,S (2513) RUS-ch rapid GP final 2017 (13)}) 16... Rhd8 17. Rd1 f5 18. Rxd8 Nxd8 19. Bd3 Nc6 20. b4 Ne7 21. Kb2 Nd5 22. Bf2 b6 23. g3 Rd8 24. Re1 Kf6 25. h4 h6 26. h5 Rd6 27. g4 Nf4 28. Bh4+ g5 29. hxg6+ Kxg6 30. gxf5+ Bxf5 31. Rg1+ Kh5 32. Bxf5 Kxh4 33. Rg4+ Kh5 34. c4 Nd3+ 35. Kc3 Nf2 36. c5 Rc6 37. Bd7 Nxg4 38. fxg4+ Kg5 39. Bxc6 Kxg4 40. Bd7+ Kg3 41. c6 e4 42. c7 e3 43. c8=Q e2 44. Kd2 Kf2 45. Qf8+ Kg1 46. Kxe2 h5 47. Qf2+ Kh1 48. Bc6# 1-0

[Event "Olympiad Women 2024"]
[Site "Budapest HUN"]
[Date "2024.09.19"]
[Round "8.22"]
[Board "3"]
[White "Pallie, Ehsha Mishela"]
[Black "Voicu-Jagodzinsky, Carmen"]
[Result "1/2-1/2"]
[WhiteElo "1767"]
[BlackElo "2271"]
[PlyCount "90"]
[EventDate "2024.09.11"]
[WhiteTeam "Sri Lanka"]
[BlackTeam "Romania"]
[WhiteTeamCountry "SRI"]
[BlackTeamCountry "ROU"]

1. e4 c5 2. Nf3 a6 3. c3 d5 4. exd5 Qxd5 5. d4 e6 6. Be2 cxd4 7. cxd4 Nf6 8. Nc3 Qd6 9. O-O Be7 10. Be3 Nbd7 11. Qd2 Nb6 12. Bf4 Qd8 13. Rac1 Nbd5 14. Be5 O-O 15. Rfd1 $146 ({RR} 15. Qg5 h6 16. Qg3 Nxc3 17. Rxc3 Bd7 18. Nd2 Bc6 19. a3 g6 20. Qh3 Kh7 21. Nc4 Ne4 22. Qxh6+ Kxh6 23. Rh3+ Bh4 24. g3 f6 25. Rxh4+ Kg7 {0-1 Makropoulou,M (2284)-Mastrokoukos,G (2374) Chalkida op 4th 2000 (8)}) 15... Bd7 16. h3 Rc8 17. Nxd5 Nxd5 18. a3 Qb6 19. Bd3 f6 20. Bg3 Bd6 21. Bxd6 Qxd6 22. Qe1 Nf4 23. Qe4 Nxd3 24. Qxd3 Rxc1 25. Rxc1 Bc6 26. Qe3 Rd8 27. Re1 Bd5 28. Rc1 Kf7 29. Qd3 g6 30. Qe3 Kg7 31. Nh2 h5 32. Nf3 Bc6 33. Re1 Re8 34. Rc1 Re7 35. Rd1 e5 36. Re1 e4 37. Nd2 Re8 38. Nc4 Qd5 39. Nd2 f5 40. Nb1 Qd6 41. Nc3 Bd5 42. Nxd5 Qxd5 43. Rc1 Qd6 44. Qc3 Re7 45. d5+ Qf6 1/2-1/2

[Event "Olympiad Women 2024"]
[Site "Budapest HUN"]
[Date "2024.09.19"]
[Round "8.22"]
[Board "4"]
[White "Lehaci, Miruna-Daria"]
[Black "Gunawardhana, Devindya Oshini"]
[Result "1/2-1/2"]
[WhiteElo "2180"]
[BlackElo "1956"]
[PlyCount "91"]
[EventDate "2024.09.11"]
[WhiteTeam "Romania"]
[BlackTeam "Sri Lanka"]
[WhiteTeamCountry "ROU"]
[BlackTeamCountry "SRI"]

1. e4 e5 2. Nf3 Nc6 3. d4 exd4 4. Nxd4 Bb4+ 5. c3 Bc5 6. Be3 Bb6 7. Nf5 Bxe3 8. Nxe3 d6 9. c4 Nge7 10. Nc3 O-O 11. Bd3 f5 12. exf5 Nxf5 13. Bxf5 Bxf5 14. Qd5+ Kh8 15. Nxf5 Nb4 16. Qd2 Rxf5 17. O-O Nc6 18. Rae1 Qd7 19. Re4 $146 ({RR} 19. f4 Rff8 20. Nd5 Rae8 21. Rxe8 Rxe8 22. Re1 Rxe1+ 23. Qxe1 h6 24. Qe4 Kg8 25. b4 Kf7 26. Kf2 Nd8 27. f5 c6 28. Nf4 Qe7 29. Qxe7+ Kxe7 30. Ke3 Nf7 31. Nh5 Ne5 32. Kd4 g5 33. c5 Nd7 {½-½ Kacharava,N (2443)-Gagunashvili,M (2584) GEO-ch 80th Tbilisi 2021 (5)}) 19... Raf8 20. Nd5 R5f7 21. Rfe1 Ne5 22. f4 Ng6 23. g3 a6 24. Qe2 Qc6 25. h4 Qc5+ 26. Kg2 c6 27. b4 Qa7 28. Nc3 b5 29. h5 Ne5 30. c5 Nc4 31. Re8 dxc5 32. Qf2 Qd7 33. Rxf8+ Rxf8 34. Qxc5 Re8 35. Qd4 Qf7 36. Rxe8+ Qxe8 37. h6 Ne3+ 38. Kf3 Nf5 39. hxg7+ Kg8 40. Qe4 Qh5+ 41. Kg2 Qg6 42. Qe1 Nxg7 43. Qe4 Nf5 44. Qe1 Nd4 45. Qe3 Nf5 46. Qe1 1/2-1/2

[Event "Olympiad Women 2024"]
[Site "Budapest HUN"]
[Date "2024.09.19"]
[Round "8.23"]
[Board "1"]
[White "Arakhamia-Grant, Ketevan"]
[Black "Francisco Guecamburu, Candela Be"]
[Result "1/2-1/2"]
[WhiteElo "2263"]
[BlackElo "2294"]
[PlyCount "119"]
[EventDate "2024.09.11"]
[WhiteTeam "Scotland"]
[BlackTeam "Argentina"]
[WhiteTeamCountry "SCO"]
[BlackTeamCountry "ARG"]

1. e4 e5 2. Nf3 Nc6 3. Bb5 g6 4. O-O Bg7 5. c3 a6 6. Ba4 b5 7. Bb3 Nge7 8. d4 exd4 9. cxd4 O-O 10. Nc3 d6 11. h3 Na5 12. Bc2 c5 13. Bf4 cxd4 ({RR} 13... Nc4 14. b3 Na3 15. Bd3 Nc6 16. Ne2 c4 17. bxc4 bxc4 18. Bc2 Nb4 19. Ba4 Nd3 20. Bc6 Rb8 21. Qa4 Rb2 22. Qxa3 Rxe2 23. Bxd6 Qf6 24. e5 Qf5 25. Bxf8 Bxf8 26. Qc3 Nf4 27. Qxc4 Rc2 28. Qa4 {1-0 Lukovic,V (2431)-Durarbayli,V (2626) Titled Tue 10th Sep Early 2024 (5)}) 14. Nxd4 Bb7 15. Nde2 $146 ({RR} 15. Rc1 Qb6 16. Be3 Nc4 17. Nf5 Qc7 18. Nxg7 Nxe3 19. fxe3 Kxg7 20. Qd4+ f6 21. Bb3 Nc6 22. Nd5 Qd8 23. Qb6 Qxb6 24. Nxb6 Ra7 25. Bd5 Nd8 26. Rc7+ Kh6 27. Nd7 Rh8 28. Nxf6 Bxd5 29. Rxa7 Bxa2 {1-0 Tancsa,T (2157)-Vidic,T (2192) Budapest FS04 IM 2021 (1)}) ({RR} 15. Re1 Nc4 16. Rb1 Rc8 17. Bb3 Qb6 18. Nde2 Rfd8 19. Bg5 Rd7 20. Bxe7 Rxe7 21. Nd5 Bxd5 22. Qxd5 Re5 23. Qd3 Rec5 24. Nf4 Nxb2 25. Qf3 Qa7 26. Ne2 Qb6 27. Nf4 Qa7 28. Ne2 Qb6 29. Nf4 Qa7 {½-½ Dixit,N (2318)-Vidic,T (2221) Zadar op-A 26th 2019 (4)}) 15... Nc4 16. b3 Na3 17. Rc1 d5 18. exd5 Nxd5 19. Be4 Nxf4 20. Nxf4 Bxe4 21. Nxe4 Qxd1 22. Rfxd1 Bh6 23. g3 Bxf4 24. gxf4 Ra7 25. f5 a5 26. f6 h6 27. h4 Re8 28. f3 a4 29. Kf2 axb3 30. axb3 b4 31. Rd5 Rb8 32. Rcc5 Rab7 33. Nd6 Rb6 34. Ke2 Nb1 35. Ne4 Nc3+ 36. Nxc3 bxc3 37. Rxc3 Rxf6 38. Kf2 Rb4 39. Kg3 Rff4 40. h5 g5 41. Rdc5 Kg7 42. R3c4 Rbxc4 43. Rxc4 Rxc4 44. bxc4 f5 45. Kf2 Kf6 46. Ke3 Ke6 47. Kd3 Kd7 48. Ke3 Kc6 49. Kd4 Kd6 50. Ke3 Ke6 51. Kd4 Kd6 52. Ke3 Kc5 53. Kd3 f4 54. Kc3 Kc6 55. Kd3 Kd6 56. Kd4 Kc6 57. Kd3 Kd7 58. Kd4 Kd6 59. Ke4 Kc5 60. Kd3 1/2-1/2

[Event "Olympiad Women 2024"]
[Site "Budapest HUN"]
[Date "2024.09.19"]
[Round "8.23"]
[Board "2"]
[White "Campos, Maria Jose"]
[Black "Roy, Ali"]
[Result "1-0"]
[WhiteElo "2252"]
[BlackElo "1961"]
[PlyCount "49"]
[EventDate "2024.09.11"]
[WhiteTeam "Argentina"]
[BlackTeam "Scotland"]
[WhiteTeamCountry "ARG"]
[BlackTeamCountry "SCO"]

1. c4 e6 2. g3 Nf6 3. Bg2 d5 4. Nf3 Be7 5. O-O O-O 6. d4 c6 7. Nc3 b6 8. Ne5 Bb7 9. e4 Nbd7 10. Nxc6 Bxc6 11. exd5 exd5 12. cxd5 Bb7 13. d6 Bxg2 14. dxe7 Qxe7 15. Kxg2 Rfd8 16. Re1 ({RR} 16. Qf3 h6 17. a3 a6 18. Bf4 Nf8 19. Rfe1 Qd7 20. Bxh6 Qd6 21. d5 Qxd5 22. Be3 Qd6 23. Rad1 Qc7 24. Rc1 Qd6 25. Bf4 Qd7 26. Be5 Ng4 27. Bxg7 Kxg7 28. Rcd1 Nxh2 29. Kxh2 Qc7 30. Nd5 Qc6 {1-0 Stefansson,V (2500)-Gutierrez,R (2198) Maplewood Inv 2024 (6.4)}) 16... Qd6 17. Bf4 Qb4 18. a3 $146 ({RR} 18. Qd2 Nf8 19. Rad1 Ne6 20. Be5 Ng4 21. d5 Nxe5 22. Rxe5 Nf8 23. d6 Ng6 24. Re4 Qc5 25. f4 Rd7 26. Qd5 Qxd5 27. Rxd5 Rad8 28. Red4 Nf8 29. f5 Re8 30. Kf3 h6 31. Rc4 Red8 32. Ne4 Nh7 {1-0 Kutynec,V (2305)-Hoegener,C (2083) Pardubice op rap 25th rapid 2014 (9)}) ({RR} 18. Qb3 Qxd4 19. Re7 Ng4 20. Qxf7+ Kh8 21. Rf1 Nc5 22. Be5 Qxe5 23. Rxe5 Nxe5 24. Qf5 Ned3 25. Ne4 Rf8 26. Qg4 Nf4+ 27. gxf4 Nxe4 28. Re1 Nd6 29. Re5 Rf6 30. Re6 Rg8 31. Kf1 {1-0 Tu,H (2483)-Bao,Q (2332) VIE-chT Da Lat 2007 (8)}) 18... Qc4 19. Rc1 Nf8 20. Be5 Nd5 21. Ne4 Qb5 22. Qf3 Ne7 23. Nf6+ Kh8 24. Nh5 Qd5 25. Bxg7+ 1-0

[Event "Olympiad Women 2024"]
[Site "Budapest HUN"]
[Date "2024.09.19"]
[Round "8.23"]
[Board "3"]
[White "Cooke, Suzie G."]
[Black "Borda Rodas, Anapaola S."]
[Result "0-1"]
[WhiteElo "1941"]
[BlackElo "2216"]
[PlyCount "134"]
[EventDate "2024.09.11"]
[WhiteTeam "Scotland"]
[BlackTeam "Argentina"]
[WhiteTeamCountry "SCO"]
[BlackTeamCountry "ARG"]

1. d4 Nf6 2. Bf4 c5 3. dxc5 e6 4. Nd2 ({RR} 4. Bd6 Na6 5. Qd4 Qa5+ 6. Nc3 Nd5 7. Bxf8 Kxf8 8. e4 Nxc3 9. bxc3 Nxc5 10. Nf3 Nxe4 11. Qb4+ Qxb4 12. cxb4 Ke7 13. Bd3 Nf6 14. O-O b6 15. a3 Bb7 16. Nd4 Rhc8 17. Rfe1 g6 18. g3 a5 {0-1 Jumabayev,R (2654)-Najer,E (2648) Titled Tuesday intern op 30th June blitz 2020 (8)}) 4... Bxc5 5. e3 ({RR} 5. Nb3 Be7 6. Nf3 O-O 7. c3 d5 8. g3 Nc6 9. Bg2 h6 10. O-O Bd6 11. Bxd6 Qxd6 12. Nbd4 e5 13. Nxc6 bxc6 14. Qc2 g6 15. Rfd1 Bf5 16. Qd2 Kg7 17. Nh4 Be6 18. e4 Rab8 19. exd5 cxd5 {0-1 Zhang,K (1978)-Zhizmer,Y (2298) Titled Tue 23rd Jul Late 2024 (1)}) 5... Nc6 6. Nb3 $146 ({RR} 6. Ne2 b5 7. h3 a6 8. a3 Bb7 9. Bh2 O-O 10. Nf4 Be7 11. Bd3 g6 12. O-O e5 13. Ne2 d5 14. Ng3 Rc8 15. Rb1 Bd6 16. Nf3 e4 17. Nxe4 Bxh2+ 18. Nxh2 dxe4 19. Be2 Qc7 20. g3 Ne5 {0-1 Koetz,J-Klees,R Recklinghausen op 12th 2001 (5)}) 6... Be7 7. Nf3 O-O 8. Be2 d5 9. h3 b6 10. O-O Bb7 11. Nbd4 Na5 12. Ne5 Rc8 13. c3 Ne4 14. Bb5 Bd6 15. Bd7 Rc7 16. Nxe6 fxe6 17. Bxe6+ Kh8 18. Qh5 Qf6 19. Nd7 Rxd7 20. Bxd7 Bxf4 21. exf4 Qxf4 22. Qg4 Qd2 23. Rad1 Qxb2 24. Bf5 Nf6 25. Qg3 Qa3 26. Rfe1 Qc5 27. Qe3 Qc7 28. Qe7 Qb8 29. Qb4 Nc6 30. Qh4 Qd8 31. Re6 h6 32. Re3 Ne7 33. Bc2 Bc8 34. Qa4 a6 35. Rf3 b5 36. Qd4 Nc6 37. Qc5 Ne5 38. Rf4 Nf7 39. Qd4 Ng5 40. Qd3 Be6 41. h4 Nge4 42. Qd4 Qc7 43. g3 Qxc3 44. Qxc3 Nxc3 45. Re1 Bg8 46. Re3 Rc8 47. a4 Nfe4 48. axb5 axb5 49. Kg2 Be6 50. f3 g5 51. hxg5 hxg5 52. Rf6 Nxf6 53. Rxe6 Kg7 54. Re7+ Kf8 55. Re5 Re8 56. Rxe8+ Kxe8 57. Kf2 d4 58. Ke1 Kd7 59. Kd2 Kd6 60. Kd3 Kc5 61. Bb3 Nh5 62. f4 gxf4 63. gxf4 Nxf4+ 64. Kd2 Ne4+ 65. Kd1 d3 66. Bg8 Kd4 67. Bh7 Nd5 0-1

[Event "Olympiad Women 2024"]
[Site "Budapest HUN"]
[Date "2024.09.19"]
[Round "8.23"]
[Board "4"]
[White "Sarquis, Maria Belen"]
[Black "Giulian, Rosemary A"]
[Result "1-0"]
[WhiteElo "2172"]
[BlackElo "1922"]
[PlyCount "53"]
[EventDate "2024.09.11"]
[WhiteTeam "Argentina"]
[BlackTeam "Scotland"]
[WhiteTeamCountry "ARG"]
[BlackTeamCountry "SCO"]

1. e4 e6 2. d4 d5 3. exd5 exd5 4. Nf3 Bd6 5. c4 Nf6 6. Nc3 O-O 7. cxd5 Bg4 8. Be2 Re8 ({RR} 8... Nbd7 9. O-O Nb6 10. Bg5 h6 11. Bh4 Be7 12. Bxf6 Bxf6 13. Qb3 Re8 14. Rfe1 Qd7 15. Rad1 Rad8 16. Bb5 c6 17. dxc6 bxc6 18. Be2 Rb8 19. Qc2 Nd5 20. Nxd5 Qxd5 21. Bc4 Qh5 22. Be2 c5 23. h3 {0-1 Ronka,E (2291)-Hubbard,A (2140) Titled Tue 23rd Jan Late 2024 (6)}) 9. O-O a6 ({RR} 9... Nbd7 10. h3 Bh5 11. Re1 a6 12. Bg5 h6 13. Bxf6 Nxf6 14. Ne5 Bxe2 15. Rxe2 Bb4 16. Ng4 Rxe2 17. Nxf6+ Qxf6 18. Nxe2 Rd8 19. Qb3 Bd6 20. Qxb7 Re8 21. Kf1 a5 22. Qb5 Qe7 23. Nc3 h5 24. Qe2 {½-½ Carlsen,M (2859)-Vachier Lagrave,M (2736) chess.com SpeedChess 2022 (3.35)}) 10. a4 $146 ({RR} 10. Re1 Nbd7 11. Bg5 Qb8 12. h3 Bh5 13. Nh4 Bg6 14. Nxg6 hxg6 15. Bf3 Qa7 16. Re3 Nh7 17. Rxe8+ Rxe8 18. Be3 Nhf6 19. Qd2 Nb6 20. Qd3 Qb8 21. a4 Qd8 22. a5 Nc8 23. Rc1 Bb4 24. Ra1 Qd7 {1-0 Batuev,A-Tyulin,A (2132) Capital of Sibiria op 2002 (6)}) 10... h6 11. Be3 b6 12. Rc1 Nbd7 13. h3 Bf5 14. Bc4 Nf8 15. Nh4 Bh7 16. Qf3 Qd7 17. Ba2 g5 18. Qxf6 Be7 19. Qxh6 gxh4 20. d6 Bxd6 21. Nd5 Be7 22. Rxc7 Qd8 23. Nxe7+ Rxe7 24. Rxe7 Qxe7 25. Bg5 Qd7 26. Bf6 Ne6 27. d5 1-0

[Event "Olympiad Women 2024"]
[Site "Budapest HUN"]
[Date "2024.09.19"]
[Round "8.24"]
[Board "1"]
[White "Linares Napoles, Oleiny"]
[Black "Kanyamarala, Trisha"]
[Result "0-1"]
[WhiteElo "2201"]
[BlackElo "2179"]
[PlyCount "80"]
[EventDate "2024.09.11"]
[WhiteTeam "Cuba"]
[BlackTeam "Ireland"]
[WhiteTeamCountry "CUB"]
[BlackTeamCountry "IRL"]

1. d4 Nf6 2. Nf3 d5 3. Bf4 e6 4. e3 c5 5. Nbd2 Nc6 6. c3 cxd4 7. exd4 Nh5 8. Be3 Bd6 9. g3 O-O 10. Be2 ({RR} 10. Bd3 f5 11. Ne5 Nf6 12. Ndf3 Bd7 13. Bf4 Be8 14. Qe2 Qe7 15. Nxc6 bxc6 16. Bxd6 Qxd6 17. Qe5 Qd7 18. Qf4 Qb7 19. Rb1 Bh5 20. Ne5 Qc7 21. O-O c5 22. Rfe1 c4 23. Bf1 Rfc8 24. b3 cxb3 {0-1 Grischuk,A (2761)-Nakamura,H (2785) Paris GCT Rapid 2017 (5)}) 10... g6 ({RR} 10... f5 11. Bg5 Nf6 12. O-O h6 13. Bxf6 Qxf6 14. Bb5 f4 15. Qe2 Bd7 16. Rae1 Qf5 17. Bxc6 bxc6 18. Ne5 Be8 19. g4 Qf6 20. Ndf3 c5 21. Kh1 Rb8 22. Rg1 Bb5 23. Qd2 cxd4 24. cxd4 Be8 25. Rc1 {1-0 Korneev,O (2465)-Schmider,N (2395) 2nd Bundesliga Sud 23-24 2023 (7.4)}) 11. Bh6 $146 ({RR} 11. Nh4 Ng7 12. O-O Re8 13. Re1 Nf5 14. Nxf5 exf5 15. Bf3 Be6 16. Nb3 Rc8 17. Qd2 h5 18. h4 Qc7 19. Kg2 b6 20. Re2 f4 21. Bxf4 Bxf4 22. Qxf4 Qxf4 23. gxf4 Ne7 24. Rh1 Kg7 25. Re5 Nf5 {1-0 Shuvalova,P (2516)-Semenova,E (2278) Wch Blitz (Women) 2021 (5)}) ({RR} 11. a4 Ng7 12. Bh6 f6 13. h4 Rf7 14. Bxg7 Kxg7 15. h5 g5 16. h6+ Kh8 17. Nf1 g4 18. N3h2 f5 19. f4 gxf3 20. Nxf3 Bd7 21. Bb5 Qf6 22. Qe2 Rg8 23. Bxc6 Bxc6 24. Ne5 Bxe5 25. dxe5 Qg5 {0-1 Gelle,I (2325)-Vertetics,A (2438) HUN-ch rapid 2019 (11)}) ({RR} 11. O-O f5 12. Bg5 Be7 13. Bxe7 Qxe7 14. c4 Nf6 15. Qb3 Rd8 16. Rfe1 Kg7 17. Nf1 Ne4 18. Rad1 Qf6 19. Ne3 dxc4 20. Qxc4 Bd7 21. d5 Ne5 22. Qc7 Nxf3+ 23. Bxf3 Ng5 24. Bg2 e5 25. Qxb7 e4 {½-½ Rego,P (2251)-Santos,J (2357) POR-ch Blitz 2022 (10)}) 11... Re8 12. O-O Ng7 13. Nb3 Nf5 14. Bd2 f6 15. Re1 Bd7 16. Bf1 Rc8 17. Bg2 Nce7 18. h4 h5 19. Nc1 Kg7 20. Nd3 Ng8 21. Bf4 Bb5 22. Bxd6 Qxd6 23. Nf4 Rcd8 24. a4 Bc6 25. Qc2 Ngh6 26. Rad1 e5 27. dxe5 fxe5 28. Nh3 e4 29. Nd4 Nxd4 30. Rxd4 Nf5 31. Rdd1 e3 32. Ng5 Bxa4 33. Qxa4 exf2+ 34. Kxf2 Qb6+ 35. Rd4 Qxb2+ 36. Kf1 Nxg3+ 37. Kg1 Rxe1+ 38. Kh2 Nf1+ 39. Kh3 Re3+ 40. Nf3 Rxf3+ 0-1

[Event "Olympiad Women 2024"]
[Site "Budapest HUN"]
[Date "2024.09.19"]
[Round "8.24"]
[Board "2"]
[White "Mirza, Diana"]
[Black "Arribas Robaina, Maritza"]
[Result "0-1"]
[WhiteElo "1962"]
[BlackElo "2143"]
[PlyCount "76"]
[EventDate "2024.09.11"]
[WhiteTeam "Ireland"]
[BlackTeam "Cuba"]
[WhiteTeamCountry "IRL"]
[BlackTeamCountry "CUB"]

1. d4 Nf6 2. c4 e6 3. Nf3 d5 4. Nc3 Be7 5. Bg5 h6 6. Bxf6 Bxf6 7. e3 O-O 8. Qd2 c5 9. cxd5 cxd4 10. Nxd4 exd5 11. Be2 ({RR} 11. Bb5 Nc6 12. Bxc6 bxc6 13. Nxc6 Qd6 14. Qxd5 Bxc3+ 15. bxc3 Qc7 16. Ne7+ Kh8 17. Nxc8 Qxc3+ 18. Ke2 Qb2+ 19. Qd2 Qb5+ 20. Qd3 Qb2+ 21. Qd2 Qb5+ 22. Qd3 Qb2+ 23. Qd2 {½-½ Rapport,R (2759)-Wei,Y (2732) Danzhou 11th rapid 2020 (7)}) 11... Nc6 12. Nxc6 $146 ({RR} 12. O-O Nxd4 13. exd4 Be6 14. Bf3 Qa5 15. Rfd1 Bg5 16. Qd3 Rac8 17. a3 Rfd8 18. g3 Rc4 19. h4 Bf6 20. Ne2 Rdc8 21. Rd2 Qc7 22. Qe3 Qd7 23. Nc3 b5 24. Be2 b4 25. Na2 bxa3 26. Bxc4 axb2 {0-1 Lukasiewicz,G (2320)-Vandevoort,P (2205) Paris-ch op 1990}) ({RR} 12. O-O Nxd4 13. exd4 Be6 14. Bf3 Rc8 15. Rfe1 Rc4 16. Ne2 Qb6 17. b3 Rc7 18. Rac1 Rfc8 19. Rxc7 Rxc7 20. g3 a5 21. Nf4 Qxd4 22. Qxd4 Bxd4 23. Nxe6 fxe6 24. Rxe6 Rc2 25. Bxd5 Bxf2+ 26. Kg2 Kf8 {1-0 Czerwonski,A (2299)-Kuchava,A (2101) Titled Tue 26th Mar Early 2024 (6)}) ({RR} 12. O-O Be6 13. Rfd1 Qa5 14. Nxc6 bxc6 15. Ne4 Bd8 16. Qxa5 Bxa5 17. Nc5 Rab8 18. b3 Rfc8 19. Rac1 Kf8 20. g4 Ke7 21. Kg2 f6 22. Bf3 Bb4 23. Nxe6 Kxe6 24. e4 c5 25. Rxd5 Rd8 26. Rcd1 Rxd5 {½-½ Anderson,P (1978)-Naylor,M (1990) BCF-chT4S 1819 (4NCL) 2018 (7.24)}) 12... bxc6 13. O-O Rb8 14. Rac1 Qe7 15. Na4 Bd7 16. b3 Rfd8 17. Bf3 Be5 18. Nc5 Be8 19. g3 Bd6 20. Qc2 Rb5 21. Nd3 Ba3 22. Rcd1 a5 23. Rfe1 Qf6 24. Bg2 Bd7 25. e4 Bg4 26. Rd2 Rbb8 27. f4 dxe4 28. Rxe4 Bf5 29. Re5 Rd6 30. Be4 Bxe4 31. Rxe4 Rbd8 32. Ree2 Qd4+ 33. Kg2 Bb4 34. Rd1 Qd5+ 35. Kf2 Bc5+ 36. Nxc5 Qxd1 37. Nb7 Qxc2 38. Rxc2 Rd2+ 0-1

[Event "Olympiad Women 2024"]
[Site "Budapest HUN"]
[Date "2024.09.19"]
[Round "8.24"]
[Board "3"]
[White "Miranda Llanes, Yerisbel"]
[Black "Gora, Antonina"]
[Result "1-0"]
[WhiteElo "2294"]
[BlackElo "1943"]
[PlyCount "131"]
[EventDate "2024.09.11"]
[WhiteTeam "Cuba"]
[BlackTeam "Ireland"]
[WhiteTeamCountry "CUB"]
[BlackTeamCountry "IRL"]

1. d4 Nf6 2. c4 e6 3. Nc3 Bb4 4. a3 Bxc3+ 5. bxc3 d5 6. e3 O-O 7. Nf3 c5 8. Be2 dxc4 9. O-O Nc6 10. Bxc4 cxd4 11. cxd4 b6 12. a4 ({RR} 12. Re1 Bb7 13. e4 Rc8 14. Ba2 Ne7 15. Bb1 h6 16. Bb2 Ng6 17. a4 Qc7 18. a5 bxa5 19. Qd2 Rfd8 20. d5 Ne8 21. Rxa5 a6 22. Ra3 Rd7 23. Nd4 exd5 24. e5 Nxe5 25. Rae3 f6 26. f4 Nd6 {1-0 Gholami Orimi,M (2505)-Rego,P (2339) 3rd Leca Chess Open 2024 (5.6)}) 12... Bb7 13. Ba3 Re8 14. Rc1 ({RR} 14. Qe2 Na5 15. Bb5 Bc6 16. Rac1 Qd5 17. Bxc6 Nxc6 18. Qb5 Qxb5 19. axb5 Na5 20. Bb4 Rab8 21. Ra1 Rb7 22. Ne5 Nd7 23. Nxd7 Rxd7 24. Bxa5 bxa5 25. Rxa5 Rb8 26. Rfa1 h6 27. Rxa7 Rxa7 28. Rxa7 Rxb5 {1-0 Balazs,G (2369)-Poupalos,N (2295) Titled Tue 30th Jul Early 2024 (8)}) 14... a6 $146 ({RR} 14... Rc8 15. Qe2 Nd5 16. Bb5 Nde7 17. Rfd1 Rf8 18. Rc2 Nb8 19. Rxc8 Bxc8 20. Rc1 Bb7 21. h3 a6 22. Bd3 Re8 23. Ne5 f6 24. Nc4 Nc8 25. f3 Qd7 26. Qc2 g6 27. Rb1 Qd8 28. Nd2 Nd7 29. Rc1 {1-0 Sorokina,S (1697)-Elizarova,T (1669) St Petersburg White Nights op 2012 (8)}) ({RR} 14... Rc8 15. Qe2 Ne4 16. Bb5 Qd5 17. Rfd1 Red8 18. Ne1 Na5 19. Be7 Nc3 20. Qg4 Nxd1 21. Rxd1 Qe4 22. Qh3 Rd5 23. Bd3 {1-0 Saputra,Y (1995)-Miesse,L (1918) Pacific Coast op 17th 2012 (5)}) 15. Ne5 Na5 16. Bd3 Qd5 17. f3 Rec8 18. Rb1 Qd8 19. Bb4 Nc6 20. Nxc6 Bxc6 21. Qb3 Qd7 22. Ra1 b5 23. axb5 Bxb5 24. Rfb1 Nd5 25. Bc5 Bxd3 26. Qxd3 Nc7 27. Rb6 h6 28. Ra5 Rab8 29. Rd6 Qe8 30. h3 Rb5 31. Rdxa6 Nxa6 32. Qxb5 Qxb5 33. Rxb5 Nxc5 34. Rxc5 Ra8 35. Rc2 Kf8 36. h4 Ra7 37. h5 Ke7 38. Kf2 f5 39. Kg3 Ra5 40. Kf4 Kf6 41. Rc6 Kf7 42. Rc5 Ra3 43. e4 fxe4 44. fxe4 Ra7 45. Ke5 Ke7 46. Rc6 Ra5+ 47. d5 exd5 48. exd5 Ra2 49. d6+ Kd8 50. g4 Ra4 51. Kf5 Ra5+ 52. Ke6 Ra4 53. Rb6 Re4+ 54. Kf5 Rd4 55. Rb8+ Kd7 56. Rb7+ Kxd6 57. Rxg7 Rd5+ 58. Kg6 Ke5 59. Kxh6 Kf4 60. Kh7 Rd8 61. h6 Rb8 62. g5 Kf5 63. g6 Ra8 64. Rf7+ Ke6 65. Rf2 Ra7+ 66. g7 1-0